[Event "Rio de Janeiro zt 2.4"]
[Site "Rio de Janeiro"]
[Date "2011.06.24"]
[Round "7"]
[White "Chiari, Arthur Gontijo"]
[Black "Palacios, Efrain"]
[Result "0-1"]
[WhiteElo "2016"]
[BlackElo "2176"]
[PlyCount "126"]
[EventDate "2011.06.18"]
[EventType "swiss"]
[EventRounds "9"]
[EventCountry "BRA"]
[SourceTitle "CBM 143 Extra"]
[Source "ChessBase"]
[SourceDate "2011.08.29"]
[SourceVersion "1"]
[SourceVersionDate "2011.08.29"]
[SourceQuality "1"]

1. e4 c5 2. Nf3 e6 3. d4 cxd4 4. Nxd4 a6 5. Nc3 Nc6 6. Nxc6 bxc6 7. Bd3 d6 8. 0-0 Nf6 9. Na4 Qc7 10. c4 c5 11. Nc3 Bb7 12. Qe2 g6 13. b3 Bg7 14. Bb2 0-0 15. f4 Rfe8 16. Rad1 Nd7 17. Bb1 Rad8 18. Na4 f5 19. Bxg7 Kxg7 20. Rfe1 Nf6 21. Nc3 d5 22. e5 Nh5 23. Qf2 dxc4 24. bxc4 Qc6 25. Ne2 h6 26. h4 a5 27. Bc2 a4 28. Rxd8 Rxd8 29. Rd1 Rxd1+ 30. Bxd1 a3 31. Bc2 Kf7 32. Kf1 Ke7 33. Bd1 Kf7 34. Nc3 Ba6 35. Bxh5 gxh5 36. Qe2 Kg6 37. Kf2 Qd7 38. Nb5 Bb7 39. Nxa3 Qd4+ 40. Qe3 Qb2+ 41. Ke1 Qa1+ 42. Kd2 Qxa2+ 43. Nc2 Qxc4 44. g3 Be4 45. Qc3 Qb5 46. Na3 Qd7+ 47. Kc1 Qa7 48. Nc4 Bd5 49. Nd6 c4 50. Kb2 Qb6+ 51. Kc2 Qf2+ 52. Kc1 Qc5 53. Kb2 Kg7 54. Kc1 Kf8 55. Qb2 Qg1+ 56. Kc2 Qf2+ 57. Kc1 Qf1+ 58. Kc2 Qd3+ 59. Kc1 Kg7 60. Qf2 Qa3+ 61. Kb1 c3 62. Qc2 Kf8 63. Qf2 Bb3 0-1

[Event "Sao Paulo Braga op"]
[Site "Sao Paulo"]
[Date "2011.04.24"]
[Round "9"]
[White "Chiari, Arthur Gontijo"]
[Black "Deus Filho, Joaquim"]
[Result "1-0"]
[WhiteElo "1969"]
[BlackElo "2062"]
[PlyCount "65"]
[EventDate "2011.04.20"]
[EventType "swiss"]
[EventRounds "9"]
[EventCountry "BRA"]
[SourceTitle "EXT 2022"]
[Source "ChessBase"]
[SourceDate "2021.10.06"]
[SourceVersion "1"]
[SourceVersionDate "2021.10.06"]
[SourceQuality "1"]

1. e4 c5 2. Nf3 a6 3. c3 g6 4. d4 Bg7 5. dxc5 Qc7 6. Be3 Nf6 7. Bd3 Ng4 8. Qe2 Nxe3 9. Qxe3 Nc6 10. Nbd2 h5 11. Nb3 h4 12. h3 Ne5 13. Nxe5 Qxe5 14. f4 Bh6 15. 0-0 Qc7 16. Qd4 Rg8 17. Qf2 d6 18. cxd6 Qxd6 19. Rad1 Qf6 20. e5 Qg7 21. Be4 f5 22. Bd5 e6 23. Bc4 g5 24. Nc5 Qc7 25. Bxe6 Bf8 26. Bxg8 Bxc5 27. Rd4 gxf4 28. Qxh4 Bxd4+ 29. cxd4 Qg7 30. Bd5 Bd7 31. Rxf4 Rc8 32. e6 Bc6 33. Rxf5 1-0

[Event "BRA-ch U14"]
[Site "Catanduva"]
[Date "2011.04.15"]
[Round "4.1"]
[White "Chiari, Arthur Gontijo"]
[Black "Melo Reda, Caique"]
[Result "1-0"]
[WhiteElo "1969"]
[BlackElo "1861"]
[PlyCount "67"]
[EventDate "2011.04.15"]
[EventType "swiss"]
[EventRounds "7"]
[EventCountry "BRA"]
[SourceTitle "EXT 2022"]
[Source "ChessBase"]
[SourceDate "2021.10.06"]
[SourceVersion "1"]
[SourceVersionDate "2021.10.06"]
[SourceQuality "1"]

1. e4 e6 2. d4 d5 3. Nd2 Nf6 4. e5 Nfd7 5. Bd3 c5 6. c3 Nc6 7. Ngf3 Qb6 8. 0-0 cxd4 9. cxd4 Nxd4 10. Nxd4 Qxd4 11. Nf3 Qb6 12. Qa4 Qb4 13. Qc2 Be7 14. Be3 Bc5 15. Bd2 Qb6 16. Bxh7 Bd4 17. Rac1 Nf8 18. Bd3 Qxb2 19. Qa4+ Bd7 20. Qxd4 Qb6 21. Rb1 Qc7 22. Rfc1 Bc6 23. Bb5 Nd7 24. Bb4 Nb6 25. Ba5 Rb8 26. h3 Kd7 27. a4 Rhf8 28. Bb4 Qd8 29. Bxf8 Qxf8 30. a5 Na8 31. Bxc6+ bxc6 32. Qxa7+ Nc7 33. Rxb8 Qa3 34. Rcb1 1-0